Normal view MARC view

Entry Personal Name

Number of records used in: 5

001 - CONTROL NUMBER

  • control field: 14273

003 - CONTROL NUMBER IDENTIFIER

  • control field: dpl

005 - DATE AND TIME OF LATEST TRANSACTION

  • control field: 20100817114359.0

008 - FIXED-LENGTH DATA ELEMENTS

  • fixed length control field: 100817|||a|||||| | ||| d

040 ## - CATALOGING SOURCE

  • Original cataloging agency: dpl
  • Transcribing agency: dpl

100 ## - HEADING--PERSONAL NAME

  • Personal name: Dash, Sanghamitra

670 ## - SOURCE DATA FOUND

  • Source citation: Work cat.: (dpl)35199: Datason, R.P. 14272, New Light's LL.B. entrance exam guide for WBUT-CED, IGNOU,...Bangalore University. etc./, 2011

670 ## - SOURCE DATA FOUND

  • Source citation: Work cat.: (dpl)35199: Datason, R.P. 14272, New Light's LL.B. entrance exam guide for WBUT-CED, IGNOU,...Bangalore University. etc./, 2011

© Delhi Public Library
Hit Counter
free hit counter